MARC

LEADER 00000nam0a2200000 4500
001 58859
005 20231031055413.0
010 |a 5982790095 
035 |a (RuTPU)RU\TPU\book\62191 
090 |a 58859 
100 |a 20031209d2003 k y0rusy50 ca 
101 0 |a rus 
102 |a RU 
105 |a a z 001zy 
200 1 |a Россия на пути к устойчивому развитию  |f Московский городской институт управления Правительства Москвы 
210 |a Москва  |c МГИУ Правительства Москвы  |d 2003 
215 |a 410 с.  |c ил. 
320 |a Библиография в конце глав. 
610 1 |a экономика 
610 1 |a политика 
610 1 |a Россия 
610 1 |a устойчивое развитие 
610 1 |a национальная безопасность 
610 1 |a экология 
610 1 |a информационные технологии 
686 |a У9(2)0  |v LBC/SL-A  |2 rubbk 
686 |a Ф2(2)  |v LBC/SL-A  |2 rubbk 
712 0 2 |a Московский городской институт управления Правительства Москвы  |2 stltpush  |3 (RuTPU)RU\TPU\col\4241 
801 1 |a RU  |b 63413507  |c 20031209  |g PSBO 
801 2 |a RU  |b 63413507  |c 20120209  |g PSBO 
942 |c BK